000 00563 a2200169 4500
999 _c8531
_d8531
020 _a0415069416
050 _aPN2039 REA 1993
100 _aRead, Alan,
_d1956-
_eauthor
245 _aTheatre and everyday life :
_ban ethics of performance /
_cAlan Read
264 _aLondon ; New York :
_b Routledge,
_c1995.
300 _a1 online resource (xii, 260 pages)
500 _alncludes index
650 _aTheater -- Philosophy.
650 _aTheater and society.
650 _aPERFORMING ARTS -- Theater -- History & Criticism.
942 _2lcc
_cBK
_h2039
_iREA
_kPN